000 00579nam a2200193Ia 4500
008 151121s9999||||xx |||||||||||||| ||und||
082 _a816/मोकाशी
082 _bHNW-33569
100 _aमोकाशी दि ।बा।
245 _aपालखी
260 _b"मौज प्रकाशन गृह , मुंबई।"
260 _c--
300 _a160
600 _aमोकाशी दि ।बा।
630 _aपालखी
700 _aमोकाशी दि ।बा।
730 _aपालखी
942 _cBOOK
999 _c1226730
_d1226727